| 000 | 00685nam a22002297a 4500 | ||
|---|---|---|---|
| 001 | 396 | ||
| 003 | BD-RjUL | ||
| 005 | 20211208233153.0 | ||
| 008 | 131118m20062002ii ||||| |||| 001 0 eng d | ||
| 020 | _a8122413528 | ||
| 035 | _a(BD-RjUL)413 | ||
| 040 |
_aBD-RjUL _beng _cBD-RjUL _dBD-RjUL |
||
| 041 | _aeng | ||
| 082 | 0 | 4 |
_219 _bKRI 2006 _a005.3 |
| 100 | 1 |
_aKrishnamoorthy, R. _91243 |
|
| 245 | 1 | 0 |
_aInternet & Java Programming / _cR. Krishnamoorthy, S. Prabhu. |
| 260 |
_aNew Dhlhi : _bNwe age international limited, _cc2002 [Reprinted 2006] |
||
| 300 |
_axv, 462p. ; _c22 cm. |
||
| 650 |
_2SLSH _aJava (Computer program language). _91336 |
||
| 700 | 1 |
_aPrabhu, S. _91244 |
|
| 942 |
_2ddc _cBK |
||
| 999 |
_c396 _d396 |
||